[Event "Andalucia-chB"]
[Site "Algeciras"]
[Date "2018.05.20"]
[Round "5"]
[White "Navarrete Alvarez, David"]
[Black "Palomino Lopez, Juan Carlos"]
[Result "1-0"]
[WhiteElo "1568"]
[BlackElo "1228"]
[PlyCount "59"]
[EventDate "2018.05.18"]
[EventType "swiss"]
[EventRounds "6"]
[EventCountry "ESP"]
[SourceTitle "EXT 2020"]
[Source "ChessBase"]
[SourceDate "2019.10.17"]
[SourceVersion "1"]
[SourceVersionDate "2019.10.17"]
[SourceQuality "1"]

1. c4 e5 2. e3 Nc6 3. Nc3 Nf6 4. d4 exd4 5. exd4 d5 6. Bg5 Be7 7. Nf3 0-0 8. Bxf6 Bxf6 9. cxd5 Re8+ 10. Be2 Ne7 11. Qb3 c6 12. dxc6 Be6 13. Qxb7 Bd5 14. Nxd5 Qxd5 15. Qb5 Qxb5 16. Bxb5 Nxc6+ 17. Kd1 Rac8 18. Rc1 Re6 19. d5 Rd6 20. Bxc6 Bxb2 21. Rc2 Ba3 22. Re1 Rdd8 23. Re4 g6 24. Ra4 Bd6 25. Rxa7 Bb8 26. Rd7 Rf8 27. a4 Bc7 28. Bb7 Rcd8 29. Rcxc7 Rb8 30. a5 1-0

[Event "Andalucia-chB"]
[Site "Algeciras"]
[Date "2018.05.20"]
[Round "6"]
[White "Ruiz Sanchez, Francisco I"]
[Black "Palomino Lopez, Juan Carlos"]
[Result "1-0"]
[WhiteElo "1419"]
[BlackElo "1228"]
[PlyCount "101"]
[EventDate "2018.05.18"]
[EventType "swiss"]
[EventRounds "6"]
[EventCountry "ESP"]
[SourceTitle "EXT 2020"]
[Source "ChessBase"]
[SourceDate "2019.10.17"]
[SourceVersion "1"]
[SourceVersionDate "2019.10.17"]
[SourceQuality "1"]

1. e4 e5 2. Nf3 Nc6 3. Bc4 Bc5 4. c3 Nf6 5. d4 exd4 6. cxd4 Bb4+ 7. Nc3 Nxe4 8. 0-0 Nf6 9. Re1+ Be7 10. Nd5 Nxd5 11. Bxd5 0-0 12. Qe2 Re8 13. Bg5 b6 14. Bxc6 dxc6 15. Bxe7 Qd7 16. Qe5 Bb7 17. Re3 c5 18. Rae1 Bxf3 19. Rxf3 Qc8 20. d5 Qb7 21. Qf5 f6 22. Rh3 Rad8 23. Qxh7+ Kf7 24. Rg3 Rg8 25. Bxd8 Qxd5 26. Bxc7 Qc6 27. Bf4 Qa4 28. Qh5+ Kf8 29. Qe8+ Qxe8 30. Rxe8+ Kxe8 31. Re3+ Kf7 32. Kf1 g5 33. Bd6 Rd8 34. Re7+ Kg6 35. Bg3 Rd1+ 36. Re1 Rd2 37. Rb1 f5 38. Bb8 a6 39. Bc7 b5 40. Ba5 b4 41. a3 Rd4 42. Bb6 Rc4 43. axb4 cxb4 44. b3 Rc3 45. Ke2 Kf6 46. Ba5 Ke5 47. Bxb4 Rc6 48. Kd2 Kd4 49. Rc1 Rb6 50. Bc5+ Kd5 51. Bxb6 1-0

[Event "Andalucia-chB"]
[Site "Algeciras"]
[Date "2018.05.19"]
[Round "3"]
[White "Garcia Ruiz, Miguel Angel"]
[Black "Palomino Lopez, Juan Carlos"]
[Result "1-0"]
[WhiteElo "1680"]
[BlackElo "1228"]
[PlyCount "67"]
[EventDate "2018.05.18"]
[EventType "swiss"]
[EventRounds "6"]
[EventCountry "ESP"]
[SourceTitle "EXT 2020"]
[Source "ChessBase"]
[SourceDate "2019.10.17"]
[SourceVersion "1"]
[SourceVersionDate "2019.10.17"]
[SourceQuality "1"]

1. e4 e5 2. Nf3 Nc6 3. Bc4 Bc5 4. 0-0 Nf6 5. d4 exd4 6. e5 Ng4 7. Bf4 d6 8. exd6 Bxd6 9. Re1+ Be7 10. Bb5 0-0 11. Bxc6 bxc6 12. h3 Nf6 13. Nxd4 Bb7 14. Nc3 Bc5 15. Nf3 Qb8 16. Bg5 Nd5 17. Ne4 Be7 18. Bxe7 Nxe7 19. Nf6+ gxf6 20. Rxe7 Rd8 21. Qe2 Re8 22. Nd4 Qd8 23. Qg4+ Kf8 24. Ne6+ Kxe7 25. Nxd8 Kxd8 26. Rd1+ Ke7 27. Rd7+ Kf8 28. Qb4+ Kg8 29. Qxb7 Rab8 30. Qxc7 Rbc8 31. Qxa7 Ra8 32. Qd4 Rf8 33. Qxf6 Rae8 34. Rd3 1-0